| 000 | 00675cam a2200205 a 4500 | ||
|---|---|---|---|
| 020 | _a0130781894 | ||
| 082 | 0 | 0 |
_a624.15132 _bGOO _cD |
| 100 | 1 |
_aGoodman, Richard E. _925576 |
|
| 245 | 1 | 0 |
_aBlock theory and its application to rock engineering / _cRichard E. Goodman, Gen-hua Shi. |
| 260 |
_aEnglewood Cliffs, N.J. : _bPrentice-Hall, _cc1985. |
||
| 300 |
_axiv, 338 p. : _bill. ; _c24 cm. |
||
| 500 | _aIncludes index. | ||
| 526 |
_a0 _b0 _c0 _d624_151320000000000_GOO |
||
| 650 | 0 |
_aBlock theory (Rock mechanics) _942537 |
|
| 650 | 0 |
_aD _96527 |
|
| 650 | 0 |
_aRock excavation. _942508 |
|
| 650 | 0 |
_aRock mechanics. _923489 |
|
| 700 | 1 |
_aShi, Gen-hua, _942538 |
|
| 942 |
_2ddc _cBK |
||
| 999 |
_c546414 _d546414 |
||